[Event "Syre Memorial op 33th"]
[Site "Issy les Moulineaux"]
[Date "2010.05.15"]
[Round "3"]
[White "Bangnoi, Alexandre"]
[Black "Kramo, Sosthene"]
[Result "1-0"]
[WhiteElo "2086"]
[BlackElo "1963"]
[PlyCount "41"]
[EventDate "2010.05.13"]
[EventType "swiss"]
[EventRounds "6"]
[EventCountry "FRA"]
[SourceTitle "EXT 2011"]
[Source "ChessBase"]
[SourceDate "2010.11.26"]
[SourceVersion "1"]
[SourceVersionDate "2010.11.26"]
[SourceQuality "1"]

1. e4 e5 2. f4 exf4 3. Bc4 d5 4. Bxd5 Qh4+ 5. Kf1 Nf6 6. Nf3 Qh5 7. Nc3 Bb4 8. Bb3 Bxc3 9. bxc3 0-0 10. d3 g5 11. e5 Ng4 12. Qe2 Nc6 13. d4 Ne7 14. Nd2 Ne3+ 15. Kf2 Qh4+ 16. Kg1 Bg4 17. Qf2 Qxf2+ 18. Kxf2 Nd1+ 19. Rxd1 Bxd1 20. Ba3 Rfe8 21. Rxd1 1-0

[Event "Syre Memorial op 33th"]
[Site "Issy les Moulineaux"]
[Date "2010.05.14"]
[Round "2"]
[White "Kramo, Sosthene"]
[Black "Lamorelle, Julien"]
[Result "0-1"]
[WhiteElo "1963"]
[BlackElo "2271"]
[PlyCount "27"]
[EventDate "2010.05.13"]
[EventType "swiss"]
[EventRounds "6"]
[EventCountry "FRA"]
[SourceTitle "EXT 2011"]
[Source "ChessBase"]
[SourceDate "2010.11.26"]
[SourceVersion "1"]
[SourceVersionDate "2010.11.26"]
[SourceQuality "1"]

1. e4 c5 2. Nf3 e6 3. d4 cxd4 4. Nxd4 Nf6 5. Nc3 Nc6 6. Ndb5 Bb4 7. a3 Bxc3+ 8. Nxc3 d5 9. exd5 exd5 10. Bd3 0-0 11. 0-0 d4 12. Ne2 Bg4 13. Bg5 Qd6 14. Qd2 0-1

[Event "Syre Memorial op 32nd"]
[Site "Issy les Moulineaux"]
[Date "2009.05.23"]
[Round "4"]
[White "Kassis, Antoine1111"]
[Black "Kramo, Sosthene"]
[Result "1-0"]
[WhiteElo "2172"]
[BlackElo "2029"]
[PlyCount "67"]
[EventDate "2009.05.21"]
[EventType "swiss"]
[EventRounds "6"]
[EventCountry "FRA"]
[SourceTitle "EXT 2010"]
[Source "ChessBase"]
[SourceDate "2010.11.25"]
[SourceVersion "1"]
[SourceVersionDate "2010.11.25"]
[SourceQuality "1"]

1. d4 Nf6 2. c4 g6 3. Nc3 Bg7 4. e4 d6 5. Be2 0-0 6. Bg5 c5 7. d5 b5 8. cxb5 a6 9. a4 Qa5 10. Bd2 axb5 11. Nxb5 Qd8 12. Qc2 e6 13. dxe6 fxe6 14. Nf3 d5 15. exd5 exd5 16. 0-0 Ne4 17. Nc3 Nxd2 18. Qxd2 Bb7 19. Rad1 Rf5 20. Bc4 Bxc3 21. Qxc3 Qc7 22. Rfe1 Na6 23. Bxa6 Bxa6 24. Nd4 Rh5 25. h3 c4 26. Qe3 Qf7 27. Nc6 Rf8 28. Ne7+ Kg7 29. Qd4+ Kh6 30. Nxd5 Bb7 31. Qd2+ g5 32. Ne3 Rxh3 33. gxh3 Qf3 34. Qd6+ 1-0

[Event "Syre Memorial op 32nd"]
[Site "Issy les Moulineaux"]
[Date "2009.05.22"]
[Round "3"]
[White "Kramo, Sosthene"]
[Black "Marceau, Amaury"]
[Result "1-0"]
[WhiteElo "2029"]
[BlackElo "1835"]
[PlyCount "45"]
[EventDate "2009.05.21"]
[EventType "swiss"]
[EventRounds "6"]
[EventCountry "FRA"]
[SourceTitle "EXT 2010"]
[Source "ChessBase"]
[SourceDate "2010.11.25"]
[SourceVersion "1"]
[SourceVersionDate "2010.11.25"]
[SourceQuality "1"]

1. e4 c5 2. Nf3 e6 3. d4 cxd4 4. Nxd4 Nc6 5. Nc3 a6 6. Nb3 b5 7. Bd3 Qc7 8. 0-0 Nf6 9. f4 d6 10. Qf3 Bb7 11. Be3 Nb4 12. Nd4 Nxd3 13. cxd3 Be7 14. Qg3 g6 15. a3 0-0 16. f5 Nh5 17. Qh3 e5 18. fxg6 hxg6 19. Nf5 Nf4 20. Bxf4 exf4 21. Rxf4 Bf6 22. Qh6 Bc8 23. Rh4 1-0

[Event "FRA-chT1"]
[Site "France"]
[Date "2002.??.??"]
[Round "11.4"]
[White "Roos, Louis"]
[Black "Kramo, Sosthene"]
[Result "0-1"]
[WhiteElo "2351"]
[BlackElo "1950"]
[PlyCount "58"]
[EventDate "2002.02.??"]
[EventType "team"]
[EventRounds "11"]
[EventCountry "FRA"]
[SourceTitle "EXT 2003"]
[Source "ChessBase"]
[SourceDate "2002.11.25"]
[SourceVersion "1"]
[SourceVersionDate "2002.11.25"]
[SourceQuality "1"]
[WhiteTeam "Strasbourg"]
[BlackTeam "Toulouse"]
[WhiteTeamCountry "FRA"]
[BlackTeamCountry "FRA"]

1. e4 e5 2. Nf3 Nc6 3. Bb5 a6 4. Ba4 Nf6 5. 0-0 Be7 6. Re1 b5 7. Bb3 0-0 8. c3 d5 9. exd5 Nxd5 10. Nxe5 Nxe5 11. Rxe5 Nf6 12. d4 Bd6 13. Re1 Ng4 14. g3 Nxh2 15. Qh5 Ng4 16. Bg5 Qd7 17. f3 Bxg3 18. Re7 Bf2+ 19. Kg2 Qd6 20. Qxf7+ Rxf7 21. Re8+ Qf8 22. Bxf7+ Kxf7 23. Rxf8+ Kxf8 24. fxg4 Be1 25. Na3 Bb7+ 26. Kh3 Re8 27. Nc2 Bf2 28. Nb4 Re2 29. Rf1 Ke8 0-1